Conocimientos y actitudes sobre interrupción voluntaria del embarazo en estudiantes del área de la salud de una Institución de educación superior. / (Registro nro. 4091)

Detalles MARC
000 -LEADER
fixed length control field 01957nam a2200313 i 4500
005 - DATE AND TIME OF LATEST TRANSACTION
control field 20250329165435.0
007 - PHYSICAL DESCRIPTION FIXED FIELD--GENERAL INFORMATION
fixed length control field ta
008 - FIXED-LENGTH DATA ELEMENTS--GENERAL INFORMATION
fixed length control field 190415s2022 000 0 eng d
040 ## - CATALOGING SOURCE
Original cataloging agency CO-CtgCURN
Language of cataloging spa
Transcribing agency coctgcurn
Description conventions rda
082 0# - DEWEY DECIMAL CLASSIFICATION NUMBER
Classification number ENF 2022
Item number F634
100 1# - MAIN ENTRY--PERSONAL NAME
Personal name Flórez Cortina, Elizabeth,
Relator term author.
Relationship aut
245 10 - TITLE STATEMENT
Title Conocimientos y actitudes sobre interrupción voluntaria del embarazo en estudiantes del área de la salud de una Institución de educación superior. /
Statement of responsibility, etc. Elizabeth Flórez Cortina; Marisol Sumoza Zuluaga; Laura Vanessa Olivo Barragán; Ashley Paola Evans Acosta; asesoras: Diana Carolina Marsiglia López Leisly Sofía Beleño Pinedo.
260 ## - PUBLICATION, DISTRIBUTION, ETC.
Place of publication, distribution, etc. Cartagena de Indias :
Name of publisher, distributor, etc. Corporación Universitaria Rafael Núñez,
Date of publication, distribution, etc. 2022.
300 ## - PHYSICAL DESCRIPTION
Extent 141 hojas.
336 ## - CONTENT TYPE
Content type term text
Content type code txt
Source rdacontent
337 ## - MEDIA TYPE
Media type term unmediated
Media type code n
Source rdamedia
338 ## - CARRIER TYPE
Carrier type term volume
Carrier type code nc
Source rdacarrier
504 ## - BIBLIOGRAPHY, ETC. NOTE
Bibliography, etc. note Trabajo de grado (Enfermera). Corporación Universitaria Rafael Nuñez. Facultad de Ciencias de la Salud. Programa de Enfermería, 2022.
520 ## - SUMMARY, ETC.
Summary, etc. "La práctica de la interrupción voluntaria del embarazo (IVE) ha estado siempre presente de forma segura o insegura. Tiene especial importancia y resulta fundamental que los futuros profesionales de la salud estn actualizados sobre las distintas normativas en torno a la IVE al enfrentarse a su práctica profesional. "
650 #0 - SUBJECT ADDED ENTRY--TOPICAL TERM
Topical term or geographic name entry element Enfermería
Form subdivision Tesis y disertaciones academicas.
700 1# - ADDED ENTRY--PERSONAL NAME
Personal name Olivo Barragán, Laura Vanessa.
700 1# - ADDED ENTRY--PERSONAL NAME
Personal name Evans Acosta, Ashley Paola.
700 1# - ADDED ENTRY--PERSONAL NAME
Personal name Sumoza Zuluaga, Marisol.
700 1# - ADDED ENTRY--PERSONAL NAME
Personal name Marsiglia López, Diana Carolina,
Relator term asesora.
700 1# - ADDED ENTRY--PERSONAL NAME
Personal name Beleño Pinedo, Leisly Sofía,
Relator term asesora.
856 ## - ELECTRONIC LOCATION AND ACCESS
Uniform Resource Identifier <a href="https://unicurn.sharepoint.com/:b:/s/biblioteca/EaI2_SvfNvdAp_i9sJ15uVgB4b4dHqmIgsITnUTLpgzquw?e=IR9UZk">https://unicurn.sharepoint.com/:b:/s/biblioteca/EaI2_SvfNvdAp_i9sJ15uVgB4b4dHqmIgsITnUTLpgzquw?e=IR9UZk</a>
Public note De click para ver el texto completo
942 ## - ADDED ENTRY ELEMENTS (KOHA)
Source of classification or shelving scheme Dewey Decimal Classification
Koha item type Trabajos de grado
Classification part ENF 2022
Item part F634
Existencias
Withdrawn status Lost status Source of classification or shelving scheme Damaged status Not for loan Collection Home library Current library Shelving location Date acquired Source of acquisition Cost, normal purchase price Total checkouts Full call number Barcode Date last seen Price effective from Koha item type
    Dewey Decimal Classification     Trabajos de grado Miguel Henríquez Emiliani Miguel Henríquez Emiliani Trabajo de grado 06/01/2019 El autor 350000.00   ENF 2022 F634 024689 07/08/2022 07/08/2022 Trabajos de grado